000
00298nam a22001337a 4500
008
170206b xxu||||| |||| 00| 0 eng d
020
_a
9781886775138
041
_a
eng
080
_2
6ED
_a
61
100
_a
3
101
_a
SHM
245
_a
GRS A CORE IN MEDICINE
_c
MARILYN FORDNEY
942
_2
udc
_c
BK
999
_c
4686
_d
4686